1023 1168 1514 1174 1814 1042 1678 1638 1837 1186 1803 1564 1517 1003 1101 1983 1733 1061 1372 1875 1255 1887 1565 1523 1820 1016 1238 1805 1639 1325 1787 1865 1460 1767 1161 1018 1558 1349 1430 1523 1583 1872 1120 1577 1483 1499 1210 1790 1289 1502 1196 1868 1425 1877 1089 1104 1940 1495 1652 1819 1975 1405 1681 1855 1751 1420 1877 1702 1504 1157 1978 1267 1237 1978 1834 1023 1113 1993 1624 1763 1203 1321 1470 1381 1601 1567 1800 1496 1596 1927 1269 1236 1379 1176 1075 1377 1122 1359 1722 BCNSPRNW ULIB Ver.6.0+V

เปลี่ยนเป็นภาษาไทย

Change to English
 แสดงรายละเอียดบรรณานุกรม
  กลับหน้าหลัก

Brief Record : Get Marc (ISO 2709) : E-mail record : QR code < ปิดหน้าต่าง
LEADER : 00000nam 2200000uu 4500
001    13399125705
003     ULIB
008    170716s2559||||th 000 0 tha d
020    ^a9786161813178
060  0 ^aWB327^bว228B
100 0  ^aวรพล สุขีวัฒนา
245 00 ^aBotox filler bible /^cวรพล สุขีวัฒนา
260    ^aกรุงเทพฯ :^bอมรินทร์เฮลท์ อมรินทร์พริ้นติ้งแอนด์พับลิชชิ่ง,^c2559
300    ^a116 หน้า :^bภาพประกอบ(สี) ;^c21 ซม.
650  0 ^aสุขภาพกับความงาม
650  0 ^aใบหน้า
650  0 ^aโบท็อกซ์
650  0 ^aฟิลเลอร์
650  0 ^aการดูแลสุขภาพตนเอง
945    ^p235^l0^i25276
999    ^aกัณชพร จุลอักษร
รายการนี้ยังไม่มีแท็ก
คุณยังไม่ได้ล็อกอิน คุณสามารถมีกิจกรรมร่วมกับเว็บไซต์ได้ แต่ต้องล็อกอินก่อน ::
  ล็อกอิน

รายการสื่อสารสนเทศ

ลำดับที่ ประเภท เลขเรียก/บาร์โค้ด สถานที่ สถานะ
1. วิทยาศาสตร์การแพทย์ และสุขภาพ
วิทยาศาสตร์การแพทย์ และสุขภาพ
สถานะ=หนังสือเก่า
WB327 ว228B ฉ.1 
  Barcode: 25276
ห้องสมุดวิทยาเขตนครสวรรค์
►ส่วนจัดเก็บหนังสือเก่า นว.
บนชั้น
  ขอยืม

รายการใกล้เคียง
    ผู้แต่ง [วรพล สุขีวัฒนา]

    หัวเรื่อง [สุขภาพกับความงาม]
    หัวเรื่อง [ใบหน้า]
    หัวเรื่อง [โบท็อกซ์]
    หัวเรื่อง [ฟิลเลอร์]
    หัวเรื่อง [การดูแลสุขภาพตนเอง]

BibComment


ยังไม่เคยถูกคอมเมนท์

คอมเมนท์ทรัพยากรรายการนี้
  คอมเมนท์: Botox filler bib..


 Copyright 2026. Bcnsprnw @Library